000
00307nam a2200145Ia 4500
100
_a
Eclcel/ Bruce
942
_c
BK
366
_f
10
654
_a
Thinking In Java
245
_a
Thinking In Java
260
_b
Addison Wesley Longman
_a
Delhi
_c
2000
082
_a
5.1
300
_a
1098
546
_a
ENGLISH
999
_c
23786
_d
23786